Guess the Location #13 - Statistics

General Stats
  • This quiz has been taken 44 times
  • The average score is 13 of 15
Answer Stats
Populated Places Sovereign
State?
Continent First
Letter
Location % Correct
Córdoba, Rosario, Mendoza Y S. Amer. A Argentina
100%
Toronto, Montréal, Calgary Y N. Amer. C Canada
100%
Tel Aviv-Yafo, Haifa, Ashdod Y Asia I Israel
100%
Brno, Ostrava, Plzeň Y Europe C Czech Republic
98%
Mashhad, Isfahan, Karaj Y Asia I Iran
95%
Schaan, Triesen, Balzers Y Europe L Liechtenstein
93%
Yangon, Mandalay, Mawlamyine Y Asia M Myanmar
90%
Košice, Prešov, Nitra Y Europe S Slovakia
90%
Türkmenabat, Daşoguz, Mary Y Asia T Turkmenistan
90%
Camayenne, Nzérékoré, Kindia Y Africa G Guinea
88%
Douala, Garoua, Kousséri Y Africa C Cameroon
85%
Limassol, Larnaca, Famagusta Y Asia C Cyprus
83%
Kutaisi, Batumi, Sokhumi Y Asia G Georgia
80%
Neiafu, Pangai, ‘Ohonua Y Oceania T Tonga
78%
Matoury, Saint-Laurent-du-Maroni, Kourou N S. Amer. F French Guiana
48%
No matching quizzes found
Score Distribution
Percent of People with Each Score
Percentile by Number Answered
Your Score History
You have not taken this quiz